000 02181cam a22004934i 4500
003 PE-LiUPU
005 20250731173304.0
008 150616s1917 ag r 000 0 spa d
035 _a(Sirsi) a3644
040 _aPE-LiUPU
_bspa
_cPE-LiUPU
_erda
049 _aPRUA
082 0 4 _a270
_bP47
_221
100 1 _aPeyret, Alejo,
_eautor.
245 1 3 _aLa evolución del cristianismo /
_cAlejo Peyret.
264 1 _aBuenos Aires :
_bla Cultura Argentina,
_c1917.
300 _a254 páginas ;
_c18 centímetos.
336 _atext
_2rdacontent
337 _aunmediated
_2rdamedia
338 _avolume
_2rdacarrier
490 0 _aLa Cultura Argentina
505 0 _aJesús -- Los apóstoles -- San Pablo -- Los actos de los apóstoles -- El cuarto evangelio -- El apocalipsis y demás libros sagrados -- La formación del canon del Nuevo Testamento -- Triunfo y propagación del cristianismo -- Las transformaciones del cristianismo -- El dogma de la divinidad de Jesucristo -- La doctrina cristiana -- Los concilios -- La evolución del cristianismo.
526 _aSEG42
526 _aSEG41
526 _aSEG40
526 _aSEG39
526 _aP94
526 _aP87
526 _aP86
526 _aP85
526 _aP77
526 _aP76
526 _aP35
650 0 4 _aCristianismo - Periodo primitivo.
910 _ajck
_bjvq
_cjck
942 _2ddc
_cBOOK
949 _a270 P47
_wDEWEY
_c1
_i13051
_lCCODEBUL1
_mBUL
_p00.00
_r0
_sY
_tBOOK
_u2015-04-23
_xBIBLIOTECA
_zUNKNOWN
_0COMPRA
_o.STAFF. Colección General
949 _a270 P47
_wDEWEY
_c2
_i10968
_lCCODEBUL1
_mBUL
_p00.00
_r0
_sY
_tBOOK
_u19750115
_xTEOLOGIA
_zUNKNOWN
_0COMPRA
_o.STAFF. Colección General
994 _aC0
_bPEPRU
596 _a1
999 _a270 P47
_wDEWEY
_c44512
_i13051
_d44512
_e2017-4-18
_f2021-11-12
_g6
_lCCODEBUL1
_mBUL
_n1
_p15.00
_q4
_r0
_sY
_tBOOK
_u2015-4-23
_xTEOLOGIA
_PP35
_0COMPRA
_o.STAFF. Colección Teología
999 _a270 P47
_wDEWEY
_c2
_i10968
_d2018-4-22
_f2018-2-8
_g2
_lDISCARD
_mBUL
_q1
_r0
_sY
_tBOOK
_u2015-6-16
_xTEOLOGIA
_zUNKNOWN
_0COMPRA
_o.STAFF. Colección General
980 _81
_gALBERTO SANCHEZ Responsable de Automatización